00365nam a2200133 450000500170000010000260001724500310004326400520007430000180012633600220014433700240016633800240019099900170021420260530115303.01 aCarlos Fuentes93145210aPor un Progreso Incluyente 1bInst. De Estudios Sindicales de Occidentec1997 a126 páginas atexto2rdacontent asin medio2rdamedia avolumen2rdacarrier c12930d12930